MDQL
is popping MORE tags! Check the
thread
!
Quizzes
Events
Quiz Creation
Community
Videos
Private Events
Remove Ads
Sign In
Join for FREE
Feedback
Dark Mode
Quiz Categories
Sports
Geography
Music
Movies
Television
Just For Fun
Miscellaneous
History
Literature
Language
Science
Gaming
Entertainment
Religion
Holiday
For Kids
Quiz Lab
Recent
Popular Today
Quiz Kudos Today
Editor Picks
Curator Picks
Quizzes by...
Day
Popularity
Type
Ratings
Length
Year
Community
Subscriptions
Recent Discussions
Orange Saloon
Badges
Playlists
Quests
Create
Leaderboards
Showdown
Live 5
Trivia Bingo
Activity
Puzzle Library
Sporcle Events
Private Events
Virtual Trivia
Globe League
Become a Host
Pub Owners
SporcleCon
Opinionation
Our Games
Videos
Blog
Mobile Apps
Partnerships
Remove Ads and Go Orange
Feedback
Sports
Athletes
MLB
NBA
NHL
NFL
Soccer
Sports Teams
WWE
NCAA
Football
Premier League
Basketball
Baseball
Hockey
Golf
Tennis
Cricket
Rugby
Auto Racing
Olympics
World Cup
Sports
Athletes
MLB
NBA
NHL
NFL
Soccer
Sports Teams
WWE
NCAA
Football
Premier League
Basketball
Baseball
Hockey
Golf
Tennis
Cricket
Rugby
Auto Racing
Olympics
World Cup
Random Quiz
Search Sporcle
×
Quiz Lab
Quiz Lab
Sports
NFL
Type in answers that appear in a list
Type in answers that appear in a list
Classic
Best Score? Go Orange.
NFL 2008 300-yard passers Stats
Can you name the players who had 300+ passing yards in a game in 2008??
By
djohnson87
5m
76 Questions
4,053 Plays
4,053 Plays
4,053 Plays
Comments
Comments
Give Quiz Kudos
Give Quiz Kudos
-
- Ratings
hide this ad
Replay
Link that replays current quiz
Next Quiz
Link to next quiz in quiz playlist
You Got
0%
They Got
Avg Score
81%
Avg Friend Score
Upgrade to see
Score Distribution
Jump to the score distribution portion of the page
Score
0/76
Timer
05:00
0
Plays Today
Yards
Player
% Correct
364
Peyton Manning
98.8%
320
Peyton Manning
98.8%
318
Peyton Manning
98.8%
311
Peyton Manning
98.8%
305
Eli Manning
98.6%
422
Drew Brees
94.9%
421
Drew Brees
94.9%
386
Drew Brees
94.9%
363
Drew Brees
94.9%
351
Drew Brees
94.9%
343
Drew Brees
94.9%
339
Drew Brees
94.9%
330
Drew Brees
94.9%
323
Drew Brees
94.9%
320
Drew Brees
94.9%
377
Philip Rivers
89.9%
346
Philip Rivers
89.9%
341
Philip Rivers
89.9%
316
Philip Rivers
89.9%
306
Philip Rivers
89.9%
361
Donovan McNabb
88.7%
349
Donovan McNabb
88.7%
339
Donovan McNabb
88.7%
415
Matt Cassel
87.1%
400
Matt Cassel
87.1%
345
Matt Cassel
87.1%
329
Ben Roethlisberger
86.6%
309
Ben Roethlisberger
86.6%
308
Ben Roethlisberger
86.6%
472
Kurt Warner
86.2%
395
Kurt Warner
86.2%
381
Kurt Warner
86.2%
361
Kurt Warner
86.2%
351
Kurt Warner
86.2%
343
Kurt Warner
86.2%
328
Kurt Warner
86.2%
341
Tony Romo
86.1%
331
Tony Romo
86.1%
Yards
Player
% Correct
321
Tony Romo
86.1%
320
Tony Romo
86.1%
312
Tony Romo
86.1%
300
Tony Romo
86.1%
447
Jay Cutler
85.5%
361
Jay Cutler
85.5%
359
Jay Cutler
85.5%
357
Jay Cutler
85.5%
350
Jay Cutler
85.5%
316
Jay Cutler
85.5%
307
Jay Cutler
85.5%
300
Jay Cutler
85.5%
315
Matt Ryan
83%
301
Matt Ryan
83%
328
Aaron Rodgers
81.3%
314
Aaron Rodgers
81.3%
313
Aaron Rodgers
81.3%
308
Aaron Rodgers
81.3%
414
Matt Schaub
79.1%
379
Matt Schaub
79.1%
328
Matt Schaub
79.1%
307
Matt Schaub
79.1%
341
Chad Pennington
78.4%
314
Chad Pennington
78.4%
334
Kyle Orton
72.2%
328
Jason Campbell
70.5%
321
Jason Campbell
70.5%
310
Derek Anderson
68.8%
329
David Garrard
68.2%
317
David Garrard
68.2%
304
Marc Bulger
65.7%
339
Jeff Garcia
59.8%
321
Jeff Garcia
59.8%
310
Jeff Garcia
59.8%
303
Shaun Hill
47.9%
320
Tyler Thigpen
36.5%
321
J.T. O'Sullivan
18.3%
407
Brian Griese
15.4%
Quiz Playlist
Details
Report
Send in Message
Add To Playlist
Classic:
Type in answers that appear in a list
Quiz Source
Last Updated: Feb 16, 2017
Quiz Scoreboard
CHALLENGE
Sign Up to Join the Scoreboard
Show All
Scores
Hide
Comments
May contain spoilers
Recently Published
1-10 Letter E Words III
by El_Dandy
Language
2m
Street Fighter Characters
by Artimus82
Gaming
60s
College Basketball Coaching Resumes
by pancakes188
Sports
9m
More to Explore
Quiz From the Vault
Featured Blog Post
Where Did the Easter Bunny Come From?
hide this ad
You Might Also Like...
Tags
NFL Quiz
2008
300
300 Yard
Passers
Passing
Player
Yard
Today's Top Quizzes in Sports
Browse Sports
hide this ad
Today's Top Quizzes in NFL
Browse NFL
Top Contributed Quizzes in Sports
1
2022 World Cup Stars
2
Les meilleurs buteurs des matchs entre le PSG et l’OM
3
FIFA Club World Cup Champions
4
Les entraîneurs de l'OM et du PSG au 21e siècle
5
Criteria MLB: Left Handed Sluggers
6
2023 MLB Unique Player Accomplishments
7
AFC Teams Reveal (Wrong Answers Minefield)
8
Players with Multiple 50 Home Run Seasons
9
5-to-1: FBS Animal Nicknames
10
5-to-1: UK Sports Teams
Explore More
Trending Topics
Kpop
Anime
Marvel
Crossword
Disney
NBA
Harry Potter
Soccer
Puzzle
Song
Country
WWE
NFL
The Office
Pokémon
hide this ad
More By:
djohnson87
Quiz
Plays
Rating
Category
Featured
Created
NBA Top 10 (2000s)
605,427
4.47
Sports
Nov 15, 2009
NFL 100 Yard Rushers (2008)
199,831
4.23
Sports
Nov 9, 2009
NBA Top 10 (1990s)
163,052
4.51
Sports
Apr 4, 2010
NBA Playoffs Top 10 (2000s)
141,176
4.71
Sports
Jun 6, 2015
John Cena PPV Opponents
118,456
4.34
Sports
Dec 13, 2009
Go to Creator's Profile
Score Distribution
Quiz Creator Spotlight
djohnson87
Follow
Send a Message
Quizzes Created
-
Created Quiz Play Count
-
More By This Creator
Popular Quizzes Today
1
Find the US States - No Outlines Minefield
2
Find the Countries of Europe - No Outlines Minefield
3
The Countries of the World
4
Find the US States
5
Risky Map Clicking: Biggest States A-Z
6
US States
7
Popular People in 1961
8
Movies - When Are They Set?
More Sports Quizzes
2014-2015 NBA MVP Voting
Editor's Pick
Trending Quizzes
Risky Map Clicking: Least Populous States A-Z
1-10 Letter G Words
USA Borders Longest to Shortest
1-10 Letter F Words
Countries of the World: 200 Million BC
Recently Updated
Leaping Animals
pecheneg
Reality TV Shows (A-Z)
bhenderson79
Rickey Henderson's Hall of Fame Teammates
pecheneg
Champions League XIs: Arsenal
pecheneg
Quick Pick: Celebrities in WWE's Hall of Fame
aduchscher
A-Z Keypad Blitz II
pecheneg
Multiple Oscar Actors
pecheneg
Mystery Phrase Blitz: Oscar 'Best Actors'
pecheneg
F. Scott Fitzgerald Novels
LTH
Pick 3 Villains
ddd62291
Trending Topics
Kpop
Anime
Crossword
Disney
NBA
Marvel
Harry Potter
Country
The Office
Soccer
WWE
Puzzle
NFL
Pokémon
Song
Your Account Isn't Verified!
In order to create a playlist on Sporcle, you need to verify the email address you used during registration. Go to your
Sporcle Settings
to finish the process.
Report this User
Report this user for behavior that violates our
Community Guidelines
.
Details:
Send Report
Go to the Sporcle.com Mobile Site →
Comments